Účtovanie lízingov, rezerv, miezd a kurzových rozdielov

Vybrané okruhy problémov lízingov, rezerv, zamestnancov, nákladov, výnosov a výsledkov hospodárenia vyjadrené v súlade s našou legislatívou.

Gespeichert in:
Bibliographische Detailangaben
1. Verfasser: Vépyová, Mária
Format: Buchkapitel
Sprache:Slowakisch
Schlagworte:
Tags: Tag hinzufügen
Keine Tags, Fügen Sie das erste Tag hinzu!

MARC

LEADER 00000naa$a2200000$$$4500
001 0042949
005 20240502071518.3
041 0 |a slo 
044 |a SK 
245 1 0 |a Účtovanie lízingov, rezerv, miezd a kurzových rozdielov  |c Mária Vépyová 
520 |a Vybrané okruhy problémov lízingov, rezerv, zamestnancov, nákladov, výnosov a výsledkov hospodárenia vyjadrené v súlade s našou legislatívou. 
610 2 0 |a účtovanie 
610 2 0 |a lízing 
610 2 0 |a rezervy 
610 2 0 |a zamestnanci 
610 2 0 |a výnosy 
610 2 0 |a výsledok hospodársky 
100 1 |a Vépyová, Mária